Statistics for ♫ "Don't Throw Out My Legos" - Lyrics - AJR ♫

Click here to take the quiz!

General Stats

  • This quiz has been taken 105 times
    (39 since last reset)
  • The average score is 305 of 371

Answer Stats

Lyric% Correct
don't
100%
I
100%
legos
100%
my
100%
My
100%
out,
100%
out
100%
throw
100%
a
95%
Can
95%
can
95%
'Cause
95%
go?
95%
go
95%
no,
95%
Oh
95%
when
95%
'Cause
91%
come
91%
home
91%
home?
91%
home,
91%
if
91%
let
91%
what
91%
What
91%
at
86%
back
86%
be
86%
can't
86%
It
86%
it
86%
keep
86%
move
86%
on
86%
So
86%
so
86%
wanna
86%
we
86%
I'm
82%
the
82%
grown
77%
is
77%
to
77%
To
77%
by
73%
grown
73%
only
73%
an
68%
of
68%
address
64%
and
64%
And
64%
as
64%
Been
64%
dad
64%
December
64%
for
64%
hand
64%
hard
64%
leave
64%
lose
64%
make
64%
man
64%
mom
64%
nest
64%
new
64%
suddenly
64%
suddenly,
64%
this
64%
waiting
64%
wrote
64%
'bout
59%
but
59%
card
59%
Christmas
59%
coming
59%
like
59%
looks
59%
sad
59%
say
59%
think
59%
today,
59%
up
59%
ain't
55%
All
55%
apartment
55%
away
55%
bad
55%
band
55%
defenders
55%
Far
55%
from
55%
getting
55%
mugshot
55%
packing
55%
remember
55%
rent
55%
Saved
55%
whatever
55%
enough
50%
name
50%
People
50%
same
50%
shirts
50%
want
50%
with
50%
won't
50%
in
45%
cold
41%
there
41%
there,
41%
face
36%
I'll
36%
It's
36%
though,
36%
fear
32%
here,
32%
standing
32%
trying
32%
your
32%
You're
32%
you're
32%
even
27%
greatest
27%
warm
27%
shivering,
23%
trembling
23%

Score Distribution

Percentile by Number Answered

Percent of People with Each Score

Your Score History

You have not taken this quiz since the last reset